Регионална библиотека "Любен Каравелов" - Русе

The little bird and the tree (Запис номер 455126)

MARC детайли
000 -Лидер
Контролно поле с фиксирана дължина 00854nam a2200253 a 4500
003 - Код на организацията, давaща контролен номер
Контролно поле BLK
005 - Дата и час на последна редакция
Контролно поле 20250127161524.0
008 - Елементи от данни с фиксирана дължина
fixed length control field 220511b bu |||||r|||| 00| | bu d
020 ## - Международен стандартен номер на книга ISBN
Международен стандартен номер на книга ISBN 9786191517213
040 ## - Източник на каталожния запис
Идентификатор на билиотеката - собственик на записа BLK
041 ## - Код за език
Код за езика на текст/звукозапис или на отделно заглавие Английски
Код за езика КДБФ Английски
080 ## - УДК
Текстов определител УДК Английска литература
УДК код - определител по УДК 821.111
УДК определител -93-34
УДК - код + определител 821.111-93-34
100 ## - Редна дума - Автор
R(LIN) 1299
Автор Asenova, Vera Dimitrova
Авторска отговорност първи автор
139 ## - Редно поле
Редна дума Asenova, Vera Dimitrova
Авторски знак Asc - A 83
245 ## - Сведения за заглавието
Заглавие The little bird and the tree
Редно поле (дума) Vera Asenova ; ill. Svilen Dimitrov.
260 ## - Област на издателските данни
9 (RLIN) 210020
Място на издаване, разпространение и проч. Sofia
Име на издателя, разпространителя и проч. SoftPress
Година на издаване 2021
Издателство - префикс ISBN 954-8751-
300 ## - Физическа характеристика
Страници 62 с.
Илюстрации и др. с цв. ил.
Размери/Мащаб 24 см
380 ## - Жанр
Жанр Детска худож. лит.
700 ## - Други автори (авторска отговорност)
9 (RLIN) 599
Лично име Димитров, Свилен
Автороска отговорност (Описва отношението между автора и произведението) ил.
852 ## - Местоположение
Форматна сигнатура Цб 312412
Фондова буква Хранилище
942 ## - АРТИКУЛИ
Вид на библиотечния материал Книги
Скрит в OPAC Не
Периодичен библиозапис Да
Koha issues (borrowed), all copies 6
944 ## - СЪЗДАВАНЕ И РЕДАКЦИЯ на ЗАПИСА
Създаване/Редакция Създаване
Дата на регистрацията/редакция 2022-05-11
Служител, извършил регистрацията/редакцията 30564
Статус, дата на статуса Анна Гръцманова
999 ## - СИСТЕМНИ КОНТРОЛНИ НОМЕРА
Koha biblionumber 455126
Koha biblioitemnumber 455126
999 ## - СИСТЕМНИ КОНТРОЛНИ НОМЕРА
Koha biblioitemnumber 455126
Наличности
Код за отписване Код за изгубен артикул Източник на класификационната схема Код за повреда Коз за рестрикции Код за отдаване Артикулен № Име на библиотеката - собственик Име на библиотеката, в която се намира в момента Статус (Текущо местоположение) Дата на вписване в системата Местоположение - отдел Цена в лева Систематично азбучна сигнатура Баркод Цена в евро Служебен тип на артикула Инвентарен номер
  Не е изгубен Universal Decimal Classification Не е повреден без рестрикции ползва се в читалня 883944 Регионална библиотека "Любен Каравелов" Русе Регионална библиотека "Любен Каравелов" Русе Хранилище 2022-05-13 Хранилище 10.00 Цб 312412 120000871965 5.11 Книги  
  Не е изгубен Universal Decimal Classification Не е повреден   заемане за дома 933622 Регионална библиотека "Любен Каравелов" Русе Регионална библиотека "Любен Каравелов" Русе Детски отдел 2023-09-15 Детски отдел 10.00 821-93/А 83 V 120000892761 5.11 Книги 120000892761
  Не е изгубен Universal Decimal Classification Не е повреден   заемане за дома 933623 Регионална библиотека "Любен Каравелов" Русе Регионална библиотека "Любен Каравелов" Русе Детски отдел 2023-09-15 Детски отдел 10.00 821-93/А 83 V 120000892762 5.11 Книги 120000892762
Vip Innovations Ltd, Rousse, Bulgaria 2025